000 00504nam a2200181Ia 4500
008 100920s9999 xx 000 0 und d
082 _b65887
_a24 थ 80
100 _aभावे पु. भा.
245 _aवायबार.
260 _bसंजय प्रकाशन, पुणे-4.
_c1980
300 _a129
_bसाधी
365 _b15
520 _aसायो.
630 _aवायबार.
650 _aसायो.
730 _aवायबार.
942 _cBOOK
999 _c708588
_d708585